Recent Trends and Advances in Food Science & Post Harvest Technology (Record no. 52504)

MARC details
000 -LEADER
fixed length control field 00823nam a22002537a 4500
003 - CONTROL NUMBER IDENTIFIER
control field OSt
008 - FIXED-LENGTH DATA ELEMENTS--GENERAL INFORMATION
fixed length control field 260602b |||||||| |||| 00| 0 eng d
020 ## - INTERNATIONAL STANDARD BOOK NUMBER
International Standard Book Number 9789388020534
082 ## - DEWEY DECIMAL CLASSIFICATION NUMBER
Classification number 664.028
Item number C43R
245 ## - TITLE STATEMENT
Title Recent Trends and Advances in Food Science & Post Harvest Technology
Statement of responsibility, etc. Ivi Chakraborty
260 ## - PUBLICATION, DISTRIBUTION, ETC. (IMPRINT)
Place of publication, distribution, etc New Delhi:
Name of publisher, distributor, etc Satish Serial Publishing House,
Date of publication, distribution, etc 2020.
300 ## - PHYSICAL DESCRIPTION
Extent xxiii, 419 p.
650 ## - SUBJECT ADDED ENTRY--TOPICAL TERM
Topical term or geographic name as entry element Postharvest technology.
650 ## - SUBJECT ADDED ENTRY--TOPICAL TERM
Topical term or geographic name as entry element Food $x Preservation.
650 ## - SUBJECT ADDED ENTRY--TOPICAL TERM
Topical term or geographic name as entry element Food processing plants $x Technological innovations.
650 ## - SUBJECT ADDED ENTRY--TOPICAL TERM
Topical term or geographic name as entry element Crops $x Postharvest physiology.
650 ## - SUBJECT ADDED ENTRY--TOPICAL TERM
Topical term or geographic name as entry element Food science $x Technological innovations.
650 ## - SUBJECT ADDED ENTRY--TOPICAL TERM
Topical term or geographic name as entry element Postharvest technology.
700 ## - ADDED ENTRY--PERSONAL NAME
Personal name Ilahy, Riadh
700 ## - ADDED ENTRY--PERSONAL NAME
Personal name Vikram Balaji
700 ## - ADDED ENTRY--PERSONAL NAME
Personal name O.J. Sujayasree
700 ## - ADDED ENTRY--PERSONAL NAME
Personal name Mani, Arghya
942 ## - ADDED ENTRY ELEMENTS (KOHA)
Source of classification or shelving scheme
Koha item type Books
Holdings
Withdrawn status Lost status Source of classification or shelving scheme Damaged status Not for loan Home library Current library Shelving location Date acquired Source of acquisition Currency Cost, normal purchase price Total Checkouts Full call number Barcode Date last seen Bill Date Koha item type Bill Number
          Dr. Rajendra Prasad Central Agricultural University Pusa, Dr. Rajendra Prasad Central Agricultural University Pusa, General Stacks 30/06/2026 International Books & Periodicals Supply Service INR 3950.00   664.028 C43R 87135 30/06/2026 29/01/2026 Books IBPS/021/2025-26
Hosted, Implemented, Customized & Maintained by: BestBookBuddies

Powered by Koha